• 首页
  • 本馆介绍
  • 公告通知
  • 最新文献
  • 馆藏检索
  • 电子资源
  • 读者导购
  • 参考咨询
  • 我的图书馆
  • 登录
  • 详细信息显示
  • 放入我的书架
  • 预约/预借图书
  • 作者相关作品
  • 分类相关作品
  • 丛书相关作品
  • 出版社相关作品

书目信息

  • 表格格式
  • 工作单格式
  • 卡片格式
题名:
村镇房屋建筑和基础设施产品标准体系及研究
    
 
作者: 赵远清 , 奉毅 , 罗本福 主编 ;中国市政工程西南设计研究总院公司 编著
分册:  
出版信息: 北京   中国建筑工业出版社  2018
页数: 146页
开本: 26cm
丛书名:
单 册:
中图分类: TU241.4-65 , F323-65 , TU241.4
科图分类:
主题词: 农村住宅--nong cun zhu zhai--标准体系--研究--中国 , 农村--nong cun--基础设施建设--标准体系--研究--中国
电子资源:
ISBN: 978-7-112-22234-6
000 01739nam0 2200325 450
001 2368708331
005 20231212190522.14
010    @a978-7-112-22234-6@dCNY40.00
100    @a20180727d2018 em y0chiy50 ea
101 0  @achi
102    @aCN@b110000
105    @aak z 000yy
200 1  @a村镇房屋建筑和基础设施产品标准体系及研究@Acun zhen fang wu jian zhu he ji chu she shi chan pin biao zhun ti xi ji yan jiu@f中国市政工程西南设计研究总院有限公司编著@g赵远清, 奉毅, 罗本福主编
210    @a北京@c中国建筑工业出版社@d2018
215    @a146页@c图@d26cm
300    @a“十二五”国家科技支撑计划 村镇建设标准体系及关键技术标准研究 (2012BAJ19B02)
312    @a英文并列题名取自封面
330    @a本书内容就是通过研究分析现行房屋建筑和基础设施产品标准在村镇建设的适用性, 进行标准体系层级划分及框架建立, 建立了村镇房屋建筑和基础设施的产品标准体系, 涵盖建筑、结构、电气、给排水、暖通、道桥、燃气、供热、环境卫生、风景园林、施工机具等专业和方面。通过这些标准体系, 可以指导村镇建设产品标准的编制与发展, 使村镇建设领域产品标准的制定工作有序地推进, 同时还可以引导和规范村镇建设产品的研发与生产, 提高我国村镇建设水平。
510 1  @aStandard system and research on products for rural buildings and infrastructures@zeng
606 0  @a农村住宅@Anong cun zhu zhai@x标准体系@x研究@y中国
606 0  @a农村@Anong cun@x基础设施建设@x标准体系@x研究@y中国
690    @aTU241.4-65@v5
690    @aF323-65@v5
690    @aTU241.4@v4
701  0 @a赵远清@Azhao yuan qing@4主编
701  0 @a奉毅@Afeng yi@4主编
701  0 @a罗本福@Aluo ben fu@4主编
712 02 @a中国市政工程西南设计研究总院公司@Azhong guo shi zheng gong cheng xi nan she ji yan jiu zong yuan gong si@4编著
801  0 @aCN@b湖北三新@c20180727
905    @aZUCC@dTU241.4@e7
    
    村镇房屋建筑和基础设施产品标准体系及研究/中国市政工程西南设计研究总院有限公司编著/赵远清, 奉毅, 罗本福主编.-北京:中国建筑工业出版社,2018
    146页:图;26cm
    “十二五”国家科技支撑计划 村镇建设标准体系及关键技术标准研究 (2012BAJ19B02)
    
    ISBN 978-7-112-22234-6:CNY40.00
    本书内容就是通过研究分析现行房屋建筑和基础设施产品标准在村镇建设的适用性, 进行标准体系层级划分及框架建立, 建立了村镇房屋建筑和基础设施的产品标准体系, 涵盖建筑、结构、电气、给排水、暖通、道桥、燃气、供热、环境卫生、风景园林、施工机具等专业和方面。通过这些标准体系, 可以指导村镇建设产品标准的编制与发展, 使村镇建设领域产品标准的制定工作有序地推进, 同时还可以引导和规范村镇建设产品的研发与生产, 提高我国村镇建设水平。
●
相关链接 在五车中查询图书 在当当中查询图书 在豆瓣中查询图书


正题名:村镇房屋建筑和基础设施产品标准体系及研究     索取号:TU241.4/7         预约/预借

序号 登录号 条形码 馆藏地/架位号 状态 备注
1 2001454297   2001454297   515书库/ [索取号:TU241.4/7] 在馆    
2 2001454298   2001454298   515书库/ [索取号:TU241.4/7] 在馆    
3 2001454299   2001454299   第四书库/四22架B面1层2列/ [索取号:TU241.4/7] 在馆    
4 2001454300   2001454300   第四书库/四22架B面1层2列/ [索取号:TU241.4/7] 在馆    
5 2001454301   2001454301   第四书库/四22架B面1层2列/ [索取号:TU241.4/7] 在馆    
6 2001454302   2001454302   第四书库/四22架B面1层2列/ [索取号:TU241.4/7] 在馆    
7 2001454303   2001454303   第四书库/四22架B面1层2列/ [索取号:TU241.4/7] 在馆    
8 2001454304   2001454304   315书库/ [索取号:TU241.4/7] 在馆    
9 2001454305   2001454305   315书库/ [索取号:TU241.4/7] 在馆    
10 2001454306   2001454306   315书库/ [索取号:TU241.4/7] 在馆    
11 2001454307   2001454307   315书库/ [索取号:TU241.4/7] 在馆    
12 2001454308   2001454308   315书库/ [索取号:TU241.4/7] 在馆    
13 2001454309   2001454309   315书库/ [索取号:TU241.4/7] 在馆    
14 2001454310   2001454310   515书库/ [索取号:TU241.4/7] 在馆    
15 2001454311   2001454311   515书库/ [索取号:TU241.4/7] 在馆    
16 2001454312   2001454312   515书库/ [索取号:TU241.4/7] 在馆    
17 2001454313   2001454313   515书库/ [索取号:TU241.4/7] 在馆    
18 2001454314   2001454314   第四书库/四22架B面1层2列/ [索取号:TU241.4/7] 在馆    
19 2001454315   2001454315   第四书库/四22架B面1层2列/ [索取号:TU241.4/7] 在馆    
20 2001454316   2001454316   第四书库/四22架B面1层2列/ [索取号:TU241.4/7] 在馆    
21 2001454317   2001454317   第四书库/四22架B面1层2列/ [索取号:TU241.4/7] 在馆    
22 2001454318   2001454318   第四书库/四22架B面1层2列/ [索取号:TU241.4/7] 在馆    
23 2001454319   2001454319   第四书库/四22架B面1层2列/ [索取号:TU241.4/7] 在馆    
24 2001454320   2001454320   第四书库/四22架B面1层2列/ [索取号:TU241.4/7] 在馆    
25 2001454321   2001454321   第四书库/四22架B面1层2列/ [索取号:TU241.4/7] 在馆    
26 2001454322   2001454322   第四书库/四22架B面1层2列/ [索取号:TU241.4/7] 在馆    
27 2001454323   2001454323   第四书库/四22架B面1层2列/ [索取号:TU241.4/7] 在馆    
28 2001454324   2001454324   第四书库/四22架B面1层2列/ [索取号:TU241.4/7] 在馆    
29 2001454325   2001454325   第四书库/四22架B面1层2列/ [索取号:TU241.4/7] 在馆    
30 2001454326   2001454326   第四书库/四22架B面1层2列/ [索取号:TU241.4/7] 在馆    
山东省滨州职业学院图书馆 欢迎您!
大连网信软件有限公司© 版权所有